000 00511nam a2200157 a 4500
008 120416s1989 ||||||||||||||||| || u
050 _aTA 170 Kap
100 _aKapoor, Baljeet S
245 1 0 _aEnvironmental engineering
246 _aan overview
250 _a3rd. ed
260 _aNew Delhi
_bKhanna
_c1989
300 _aviii, 513p. : ill
350 _a0.00
995 _D0.00
_FCBU-MAIN LIBRARY (Kitwe)
_H1
_I40.00
_M1
_UDAMAGED
_ZMain Library Open Access Collection
999 _c42200
_d42200